Random Flags Quiz (Hard) - Statistics

General Stats
  • This quiz has been taken 186 times
  • The average score is 35 of 46
Answer Stats
Picture Answer % Correct
Angola
91%
Taiwan
89%
D.R. of Congo
88%
Paraguay
88%
Ghana
87%
Uzbekistan
86%
Samoa
85%
Zimbabwe
85%
Libya
84%
Mozambique
84%
Senegal
84%
Cameroon
83%
Azerbaijan
82%
Guyana
82%
Oman
82%
St. Lucia
80%
Sudan
80%
Mongolia
79%
Brunei
78%
Kyrgyzstan
78%
South Sudan
78%
Vanuatu
77%
Djibouti
76%
Gabon
76%
Guinea
76%
Tajikistan
75%
Antigua and Barbuda
74%
São Tomé and Príncipe
74%
Sierra Leone
74%
Equatorial Guinea
73%
Grenada
73%
Namibia
73%
Rwanda
73%
Zambia
73%
Bolivia
70%
Guatemala
70%
Suriname
70%
Central African Republic
68%
St. Kitts and Nevis
68%
Mauritius
66%
St. Vincent and the Grenadines
66%
Tuvalu
66%
Gambia
63%
Guinea-Bissau
63%
Solomon Islands
61%
Republic of Congo
30%
No matching quizzes found
Score Distribution
Percent of People with Each Score
Percentile by Number Answered
Your Score History
You have not taken this quiz